• 首页
  • 本馆介绍
  • 公告通知
  • 最新文献
  • 馆藏检索
  • 电子资源
  • 读者导购
  • 参考咨询
  • 我的图书馆
  • 登录
  • 详细信息显示
  • 放入我的书架
  • 预约/预借图书
  • 作者相关作品
  • 分类相关作品
  • 丛书相关作品
  • 出版社相关作品

书目信息

  • 表格格式
  • 工作单格式
  • 卡片格式
题名:
海峡两岸科技资源研究
    
 
作者: 陈喜乐 , 官鸣 著
分册:  
出版信息: 北京   中国社会科学出版社  2000
页数: 336页
开本: 20cm
丛书名: 科学技术哲学新视野
单 册:
中图分类: N12 , B82
科图分类:
主题词: 科学技术--概况--中国 , 科学技术 , 伦理学
电子资源:
ISBN: 7-5004-2696-8
000 00962nam2 2200301 450
001 0938387765
005 20090929104113.31
010    @a7-5004-2696-8@dCNY18.00
100    @a20001220d2000 emky0chiy0110 ea
101 0  @achi
102    @aCN@b110000
105    @ay z 000yy
106    @ar
200 1  @a海峡两岸科技资源研究@Ahai xia liang an ke ji zi yuan yan jiu@f官鸣,陈喜乐等著
210    @a北京@c中国社会科学出版社@d2000
215    @a336页@d20cm
225 2  @a科学技术哲学新视野@v3
330    @a本书内容包括:海峡两岸科技资源的发展背景、海峡两岸科技财力资源、海峡两岸科技信息资源和海峡两岸农业科技资源等。
461  0 @12001 @a科学技术哲学新视野@v3
606 0  @a科学技术@x概况@y中国
606 0  @a科学技术
606 0  @a伦理学
690    @aN12@v4
690    @aB82@v4
701  0 @a陈喜乐@c(女,@f1957~)@Achen xi le@4著
701  0 @a官鸣@f(1941~)@Aguan ming@4著
801  0 @aCN@bNLC@c20001227
905    @a10447@dB82@eJY56
    
    海峡两岸科技资源研究/官鸣,陈喜乐等著 .-北京:中国社会科学出版社,2000
    336页;20cm .-(科学技术哲学新视野;3 )
    
    
    ISBN 7-5004-2696-8:CNY18.00
    本书内容包括:海峡两岸科技资源的发展背景、海峡两岸科技财力资源、海峡两岸科技信息资源和海峡两岸农业科技资源等。
●
相关链接 在E读中查询图书 在五车中查询图书 在当当中查询图书 在豆瓣中查询图书


正题名:海峡两岸科技资源研究     索取号:B82/JY56         预约/预借

序号 登录号 条形码 馆藏地/架位号 状态 备注
1 7820206   278202062   学院路分馆/ [索取号:B82/JY56] 在馆    
2 7820207   278202071   学院路分馆/ [索取号:B82/JY56] 在馆    
3 7820208   278202080   学院路分馆/ [索取号:B82/JY56] 在馆    
4 7820209   278202099   学院路分馆/ [索取号:B82/JY56] 在馆    
唐山师范学院图书馆 欢迎您!
大连网信软件有限公司© 版权所有